Search the Library Catalogue
| 000 -LEADER | |
|---|---|
| fixed length control field | 00937nam a2200241Ia 4500 |
| 008 - FIXED-LENGTH DATA ELEMENTS--GENERAL INFORMATION | |
| fixed length control field | 191130s2007##################000#0#eng## |
| 020 ## - INTERNATIONAL STANDARD BOOK NUMBER | |
| ISBN | 9780748623907 |
| 082 ## - DEWEY DECIMAL CLASSIFICATION NUMBER | |
| Classification number | 791.43658 MAC |
| 100 ## - MAIN ENTRY--AUTHOR NAME | |
| Personal name | Mackenzie, S. P |
| 245 ## - TITLE STATEMENT | |
| Title | The battle of Britain on screen : "the few" in British film and television drama |
| Statement of responsibility, etc | S.P. MacKenzie |
| 260 ## - PUBLICATION, DISTRIBUTION, ETC. (IMPRINT) | |
| Place of publication | Edinburgh |
| Name of publisher | Edinburgh Univeristy Press |
| Year of publication | 2007 |
| 300 ## - PHYSICAL DESCRIPTION | |
| Number of Pages | 181 p. ; 24 cm |
| 500 ## - GENERAL NOTE | |
| General note | Includes bibliographical references and index |
| 650 ## - SUBJECT ADDED ENTRY--TOPICAL TERM | |
| Topical Term | Britain, Battle of, Great Britain, 1940 - Motion pictures and the war |
| Topical Term | Britain, Battle of, Great Britain, 1940 - Television and the war |
| Topical Term | Television plays - Great Britain |
| Topical Term | War films - Great Britain - History and criticism |
| Topical Term | World War, 1939-1945 - Motion pictures and the war |
| 991 ## - | |
| -- | 363211 |
| Withdrawn status | Lost status | Damaged status | Not for loan | Home library | Current library | Shelving location | Date acquired | Full call number | Accession Number | Price effective from | Koha item type |
|---|---|---|---|---|---|---|---|---|---|---|---|
| Anna Centenary Library | Anna Centenary Library | 6TH FLOOR, B WING | 15.10.2020 | 791.43658 MAC | 372872 | 15.10.2020 | English Books |